ბათუმის შოთა რუსთაველის სახელმწიფო უნივერსიტეტის ბიბლიოთეკა

წმინდა აღმსარებელი ამბროსი (ხელაია) : (ბიბ.ჩანაწერი № 38485)

000 -ლიდერი
ფიქსირებული სიგრძის საკონტროლო ველი 01375nam a2200277Ia 4500
001 - საკონტროლო ნომერი
საკონტროლო ველი 4498
003 - საკონტროლო ნომრის იდენტიფიკატორი
საკონტროლო ველი GE_BSU
005 - ბოლო ოპერაციის თარიღი და დრო
საკონტროლო ველი 20191018155951.0
008 - ფიქსირებული სიგრძის მონაცემთა ელემენტები - ზოგადი ინფორმაცია
ფიქსირებული სიგრძის საკონტროლო ველი 181216s2012||||ge |||||||||||||| ||geo||
020 ## - წიგნის საერთაშორისო სტანდარტული ნომერი
International Standard Book Number 9789941044151
040 ## - კატალოგიზაციის წყარო
Transcribing agency GE_BSU
041 ## - ენის კოდი
Language code of text/sound track or separate title geo
080 ## - უნივერსალური ათობითი კლასიფიკაციის ინდექსი
Universal Decimal Classification number 271.22(479.22) გ–19
100 ## - მთავარი ჩანაწერი - პიროვნების სახელი
Personal name გამახარია, ჯ.
9 (RLIN) 4848
245 ## - ცნობა სათაურის შესახებ
Title წმინდა აღმსარებელი ამბროსი (ხელაია) :
Remainder of title 150–ე წლისთავისთვის. მონოგრაფია /
Statement of responsibility, etc ჯემალ გამახარია ; რედ. ლია ახალაძე.
264 ## - წარმოების, გამოცემის, დისტრიბუციის და სხვა ცნობები
გამოცემის, წარმოების, დისტრიბუციის... ადგილი თბილისი,
გამოცემის, წარმოების, დისტრიბუციის... თარიღი 2012.
300 ## - ფიზიკური აღწერა
Extent 551 გვ. :
Other physical details ფოტ. ;
Dimensions 27 სმ.
501 ## - შენიშვნა თანმხლებ მასალაზე
With note პირთა საძ.: გვ. 540-548.
504 ## - BIBLIOGRAPHY, ETC. NOTE
Bibliography, etc ბიბლიოგრ. ტექსტის შენიშვნ.
600 ## - SUBJECT ADDED ENTRY--PERSONAL NAME
Personal name ამბროსი (კათოლიკოს-პატრიარქი, 1861-1927, ბესარიონ ხელაია);
9 (RLIN) 4843
653 ## - INDEX TERM--UNCONTROLLED
Uncontrolled term რელიგია
653 ## - INDEX TERM--UNCONTROLLED
Uncontrolled term საქართველოს კათოლიკოს-პატრიარქები;
653 ## - INDEX TERM--UNCONTROLLED
Uncontrolled term ქართველი წმინდანები;
700 ## - ADDED ENTRY--PERSONAL NAME
Personal name ახალაძე, ლია
Relator term რედაქტორი
9 (RLIN) 552
942 ## - ADDED ENTRY ELEMENTS (KOHA)
Koha item type წიგნი
Source of classification or shelving scheme
ეგზემპლარები
ჩამოწერის სტატუსი დაკარგული ეგზემპლარის სტატუსი კლასიფიკაციის წყარო ან თაროზე გაწყობის სქემა დაზიანების სტატუსი არ გაიცემა მუდმივი მდებარეობა (დაცვის ადგილი) ამჟამინდელი ადგილსამყოფელი თაროზე განთავსების ადგილი შეძენის თარიღი სრული შენახვის შიფრი შტრიხკოდი ბოლო ოპერაციის თარიღი ეგზემპლარის მიმდევრობითი ნომერი (კეტერი?) ფასის ძალაში შესვლის თარიღი ეგზემპლარის სახეობა საჯარო შენიშვნა
          ბათუმის შოთა რუსთაველის სახელმწიფო უნივერსიტეტის მთავარი ბიბლიოთეკა ბათუმის შოთა რუსთაველის სახელმწიფო უნივერსიტეტის მთავარი ბიბლიოთეკა წიგნსაცავი 2018-12-17 271.22(479.22) გ–19 6141 2018-12-17 6141 2018-12-17 წიგნი
          ბათუმის შოთა რუსთაველის სახელმწიფო უნივერსიტეტის მთავარი ბიბლიოთეკა ბათუმის შოთა რუსთაველის სახელმწიფო უნივერსიტეტის მთავარი ბიბლიოთეკა წიგნსაცავი 2018-12-17 271.22(479.22) გ–19 6142 2018-12-17 6142 2018-12-17 წიგნი